000 00960nam2a22002411 4500
001 rc\4123247
005 20250611001724.0
035 _a(NLR Aleph) 007982241
090 _a8527051
_c8527051
100 _a20130415d1956 |||y0rusy50 ca
101 0 _arus
102 _aRU
105 _aa z |||a|
200 1 _aРоссии верные сыны
_eИст. роман
_f[Ил.: Е. Бургункер]
210 _aМосква
_cГослитиздат
_d1956
215 _a548 с., 1 л. ил.
461 0 _1001rc\4123245
_12001#$aСочинения$eВ 3 т.$eТ. 1-3$vТ. 2
_1700#1$aНикулин$bЛ.В.$f1891-1967$gЛев Вениаминович
_98527040
_aНикулин, Л.В. (1891-1967)
_cМосква
_d1956
_nГослитиздат
_oВ 3 т. : Т. 1-3
_p3 т.
_tСочинения
_vТ. 2
702 1 _aБургункер
_bЕ.
_4440
801 0 _aRU
_bNLR
_gpsbo
801 1 _aRU
_bELAR
_2rusmarc
852 _aNLR
_jЛ30 Г-3/4981
942 _cBOOK
980 _aNB